000 01190cad a22002415a 4500
001 L147952
008 080804s20090301xxkd f f000 0 eng d
035 _a(Sirsi) u147952
041 0 _aeng
050 0 4 _a627.4 $2 18
110 2 _aUnited Kingdom
_bDepartment for Environment, Food and Rural Affairs
245 0 0 _aPolicy Statement
_bappraisal of flood and coastal erosion risk management
_h[electronic resource]
260 _aLondon
_bDEFRA
_c2009
520 _aContains guidance for operating authorities and others involved in managing flood and coastal erosion risk. The intended benefits of the new policy statement include a greater focus on early engagement with the community and social factors; including better assessment of impacts on health, community well-being and social justice.
521 _aAdvanced
590 _aKA
650 2 4 _aFLOODS
650 2 4 _aNATIONAL ASSESSEMENT OF FLOOD RISK
651 4 _aEngland and Wales
_y1543-
690 _aENVIRONMENTAL AND LAND CONSULTANCY-WATER RESOURCE MANAGEMENT-FLOODING
856 4 0 _uhttps://www.defra.gov.uk/environ/fcd/guidance/pagn/default.htm
_zView the consultation free of charge at www.lga.gov.uk...
942 _n0
999 _c109812
_d109812